Exploring English with online corpora : (رقم التسجيلة. 14258)

تفاصيل مارك
000 -الفاتح
حقل البيانات ثابتة الطول 01930cam a2200445 a 4500
001 - رقم الضبط
رقم الضبط 15682577
003 - محدد رقم الضبط
رقم الضبط OSt
005 - وقت وتاريخ اخر تعامل مع التسجيلة
رقم الضبط 20150408113918.0
008 - عناصر البيانات ثابتة الطول - معلومات عامة
حقل البيانات ثابتة الطول 090401s2009 enka b 001 0 eng
010 ## - رقم ضبط مكتبة الكونجرس
رقم ضبط مكتبة الكونجرس 2009012879
015 ## - رقم الببليوجرافية الوطنية
رقم الببليوجرافية الوطنية 014-86549
المصدر bnb
015 ## - رقم الببليوجرافية الوطنية
رقم الببليوجرافية الوطنية GBA-90155
المصدر bnb
015 ## - رقم الببليوجرافية الوطنية
رقم الببليوجرافية الوطنية GBA901551
المصدر bnb
015 ## - رقم الببليوجرافية الوطنية
رقم الببليوجرافية الوطنية GBA901551
المصدر dnb
016 7# - رقم ضبط الوكاله الوطنية للضبط الببليوجرافي
رقم ضبط التسجيلة 014865492
المصدر Uk
020 ## - الرقم الدولى المعيارى للكتب
الرقم الدولى المعيارى للكتاب 9780230551398 (hc : alk. paper)
020 ## - الرقم الدولى المعيارى للكتب
الرقم الدولى المعيارى للكتاب 0230551394 (hc : alk. paper)
020 ## - الرقم الدولى المعيارى للكتب
الرقم الدولى المعيارى للكتاب 9780230551404 (pbk. : alk. paper)
020 ## - الرقم الدولى المعيارى للكتب
الرقم الدولى المعيارى للكتاب 0230551408 (pbk. : alk. paper)
035 ## - رقم ضبط النظام
رقم ضبط النظام (OCoLC)ocn318191097
040 ## - مصدر الفهرسة
وكالة الفهرسة الأصلية DLC
لغة الفهرسة eng
وكالة النسخ DLC
وكالة التعديل BWKUK
-- YDXCP
-- BWX
-- BWK
-- CDX
-- GBVCP
-- HEBIS
-- UKM
-- BTCTA
-- DEBBG
-- OCL
-- DLC
042 ## - رمز التحقق
رمز التحقق pcc
050 00 - رقم طلب مكتبة الكونجرس
رقم التصنيف PE1074.5
رقم المادة .A43 2009
082 00 - رقم تصنيف ديوى العشرى
رقم التصنيف 428
رقم الطبعة 21
رقم المادة A W E
084 ## - رقم تصنيف آخر
رقم التصنيف HF 450
مصدر الرقم rvk
100 1# - المدخل الرئيسى - إسم شخصى
الإسم الشخصى Anderson, Wendy,
التواريخ المصاحبة للاسم 1975-
9 (RLIN) 4027
245 10 - بيان العنوان
العنوان Exploring English with online corpora :
بقية العنوان an introduction /
بيان المسئوليه,etc Wendy Anderson and John Corbett.
260 ## - PUBLICATION, DISTRIBUTION, ETC. (IMPRINT)
مكان الناشر او الموزع Basingstoke [England] ;
-- New York :
اسم الناشر او الموزع Palgrave Macmillan,
تاريخ النشر أو التوزيع 2009.
300 ## - الوصف المادى
التعداد xiii, 205 p. :
تفاصيل ماديه اخرى للوعاء ill. ;
أبعاد الوعاء 25 cm.
504 ## - تبصرة ببليوجرافية
تبصرة ببليوجرافية,الخ Includes bibliographical references (p. 188-192) and index.
650 #0 - المدخل الاضافى بالموضوع-مصطلح موضوعى
مصطلح موضوعي أو اسم جغرافي كعنصر مدخل English language
التقسيم الفرعي العام Discourse analysis
-- Data processing.
9 (RLIN) 4028
650 #0 - المدخل الاضافى بالموضوع-مصطلح موضوعى
مصطلح موضوعي أو اسم جغرافي كعنصر مدخل English language
التقسيم الفرعي العام Research
-- Data processing.
9 (RLIN) 4029
650 #0 - المدخل الاضافى بالموضوع-مصطلح موضوعى
مصطلح موضوعي أو اسم جغرافي كعنصر مدخل Computational linguistics.
9 (RLIN) 3419
700 1# - المدخل الاضافى - اسم شخصى
الإسم الشخصى Corbett, John,
التواريخ المصاحبة للاسم 1959-
9 (RLIN) 4030
856 4# - الوصول و الموقع الالكترونى
معرف المصدر الموحد <a href="http://bvbr.bib-bvb.de:8991/F?func=service&doc_library=BVB01&doc_number=017177030&line_number=0001&func_code=DB_RECORDS&service_type=MEDIA">http://bvbr.bib-bvb.de:8991/F?func=service&doc_library=BVB01&doc_number=017177030&line_number=0001&func_code=DB_RECORDS&service_type=MEDIA</a>
تبصرة عامة Klappentext
856 41 - الوصول و الموقع الالكترونى
مواد محددة Table of contents
معرف المصدر الموحد <a href="http://bvbr.bib-bvb.de:8991/F?func=service&doc_library=BVB01&doc_number=017177030&line_number=0002&func_code=DB_RECORDS&service_type=MEDIA">http://bvbr.bib-bvb.de:8991/F?func=service&doc_library=BVB01&doc_number=017177030&line_number=0002&func_code=DB_RECORDS&service_type=MEDIA</a>
906 ## - عنصر بيانات محلى F, LDF (RLIN)
a 7
b cbc
c orignew
d 1
e ecip
f 20
g y-gencatlg
942 ## - عناصر المدخل الإضافي( كوها)
مصدر التصنيف او مخطط الترفيف Dewey Decimal Classification
Koha [default] item type DVD
المقتنيات
حالة الفقد نموذج السعر الفعال حالة تلف ليس للاعارة رقم الطلب تاريخ الاكتساب الموقع الحالي الباركود الفرع الرئيسي Date last seen نوع المادة فى نظام كوها مصدر التصنيف او خطة الترفيف Total Checkouts
  2013-03-10     428 A W E 2011-09-07 قسم الاجراءات الفنية (IC) 00101797 قسم الاجراءات الفنية (IC) 2013-03-10 كتاب Dewey Decimal Classification  
  2013-03-10     428 A W E 2011-09-07 قسم الاجراءات الفنية (IC) 00101796 قسم الاجراءات الفنية (IC) 2013-03-10 كتاب Dewey Decimal Classification  
  2013-03-10     428 A W E 2011-09-08 قسم الاجراءات الفنية (IC) 00101815 قسم الاجراءات الفنية (IC) 2013-03-10 كتاب Dewey Decimal Classification  
  2013-03-10     428 A W E 2011-09-08 قسم الاجراءات الفنية (IC) 00101816 قسم الاجراءات الفنية (IC) 2013-03-10 كتاب Dewey Decimal Classification